000 00525nam a2200217Ia 4500
003 OSt
005 20220924134117.0
006 a|||||r|||| 00| 0
007 ta
008 220923b |||||||| |||| 00| 0 snd d
024 _a272307
037 _cTextual
040 _aARTS
_cARTS
_bsnd
041 _2snd
_asnd
082 _aO1593,1M32w, G5
100 _aPandey
_9208103
245 0 _aDiwan sural bahar
260 _c1935
942 _hO1593,1M32w, G5
_cTEXL
_2CC
999 _c436449
_d436449